LEADER 01243nam0 22002891i 450 001 UON00233859 005 20231205103515.181 010 $a03-337-5756-4 100 $a20030730d2000 |0itac50 ba 101 $aeng 102 $aGB 105 $a||||6 ||||| 200 1 $aInside out$eintermediate$fSue Kay & Vaughan Jones 210 $aOxford$cMacMillan Heinemann Englidh Language Teaching$d2000 215 $a2 cassette: 1st cassette, unit 1-8; 2nd cassette, unit 9-16 606 $aLingua inglese$xInsegnamento$3UONC076027$2FI 620 $aGB$dOxford$3UONL000029 676 $a428.2$cUso inglese standard$v21 700 1$aKAY$bSue$3UONV141774$0471971 701 1$aJONES$bVaughan$3UONV141775$059597 712 $aMacmillan Heinemann English Language Teaching$3UONV269473$4650 801 $aIT$bSOL$c20250808$gRICA 912 $aUON00233859 950 $aSIBA - SISTEMA BIBLIOTECARIO DI ATENEO$dSI ame Smarrito 2 $eSI LO 68106 5 2 $sSmarrito 950 $aSIBA - SISTEMA BIBLIOTECARIO DI ATENEO$dSI ame Smarrito 1 $eSI LO 68105 5 1 $sSmarrito 996 $aInside out$91233059 997 $aUNIOR